[Event "Coupe Niveau 7"]
[Site "www.echecsemail.com"]
[Date "2026.02.01"]
[Round "1"]
[White "Mimimosa"]
[Black "Orosco"]
[WhiteElo "2300"]
[BlackElo "2270"]
[Result "1/2-1/2"]
1.e4 e5
2.Ng1f3 Nb8c6
3.d4 exd4
4.Nf3xd4 Ng8f6
5.Nd4xc6 bxc6
6.Bf1d3 d5
7.exd5 cxd5
8.O-O Bf8e7
9.c4 d4
10.Nb1d2 O-O
11.Nd2e4 Nf6xe4
12.Bd3xe4 Ra8b8
13.b3 Bc8b7
14.Rf1e1 Be7d6
15.Qd1d3 h6
16.Bc1b2 c5
17.Be4xb7 Rb8xb7
18.Bb2c1 Rb7e7
19.Bc1d2 Rf8e8
20.g3 Qd8c8
21.Re1xe7 Re8xe7
22.Ra1e1 Re7xe1
23.Bd2xe1 { nul }1/2-1/2

[Event "Défi"]
[Site "www.echecsemail.com"]
[Date "2026.02.01"]
[Round "1"]
[White "Khamis"]
[Black "Tinenfant"]
[WhiteElo "1830"]
[BlackElo "1880"]
[Result "1-0"]
1.d4 d5
2.c4 e6
3.Ng1f3 Ng8f6
4.Bc1g5 Bf8e7
5.e3 O-O
6.Bf1d3 h6
7.Bg5h4 Nb8d7
8.O-O c6
9.Nb1c3 dxc4
10.Bd3xc4 Nd7b6
11.Bc4d3 Bc8d7
12.Ra1c1 Nb6d5
13.Nf3e5 Ra8c8
14.Ne5xd7 Qd8xd7
15.Bd3b1 Nd5xc3
16.bxc3 Rf8e8
17.Qd1d3 g6
18.Rf1e1 Nf6d5
19.Bh4xe7 Re8xe7
20.e4 Nd5f6
21.Qd3e3 Kg7
22.e5 Nf6d5
23.Qe3f3 a6
24.a3 Rc8f8
25.c4 Nd5c7
26.Qf3f6 Kg8
27.Rc1d1 Nc7e8
28.Qf6h4 Kg7
29.Re1e3 f6
30.Re3h3 h5
31.Rh3g3 f5
32.Qh4xh5 Rf8h8
33.Qh5xg6 Kf8
34.Qg6g5 Re7g7
35.Qg5d2 Rg7xg3
36.fxg3 Qd7h7
37.h3 Ne8g7
38.Qd2b4 Ke8
39.Qb4xb7 Ng7h5
40.Qb7xc6 Ke7
41.Qc6d6 Kf7
42.g4 Nh5f4
43.gxf5 Qh7h6
44.Qd6d7 Kg8
45.Qd7e8 Qh6f8
46.Qe8xf8 Kxf8
47.f6 Kf7
48.d5 exd5
49.cxd5 Rh8d8
50.Bb1e4 a5
51.Kf2 { abandon }1-0

[Event "Tournoi n27436"]
[Site "www.echecsemail.com"]
[Date "2026.02.01"]
[Round "1"]
[White "Odemevol"]
[Black "Geantvert"]
[WhiteElo "1950"]
[BlackElo "1870"]
[Result "1-0"]
1.d4 f5
2.c4 Ng8f6
3.Ng1f3 g6
4.Bc1g5 Bf8g7
5.Nb1c3 O-O
6.Qd1d2 b6
7.e3 Bc8b7
8.Bf1e2 h6
9.Bg5xf6 Rf8xf6
10.O-O d6
11.Nc3d5 Rf6f7
12.Nd5f4 Kh7
13.Nf4e6 Qd8d7
14.Ne6xg7 Kxg7
15.Rf1d1 e6
16.Qd2c3 Kh7
17.c5 b5
18.b4 d5
19.Nf3e5 Qd7e7
20.Ne5xf7 Qe7xf7
21.Be2xb5 c6
22.Bb5d3 Nb8d7
23.a4 Bb7c8
24.b5 cxb5
25.axb5 { abandon }1-0

[Event "Défi"]
[Site "www.echecsemail.com"]
[Date "2026.02.01"]
[Round "1"]
[White "Intrigue"]
[Black "Snarf"]
[WhiteElo "1730"]
[BlackElo "1760"]
[Result "1-0"]
1.d4 d5
2.c4 dxc4
3.e3 Qd8d5
4.Nb1c3 Qd5c6
5.Ng1f3 b5
6.a4 Bc8a6
7.axb5 Ba6xb5
8.Nf3e5 Qc6e6
9.Nc3xb5 Kd8
10.Bf1xc4 { abandon }1-0

[Event "Transval 3"]
[Site "www.echecsemail.com"]
[Date "2026.02.01"]
[Round "1"]
[White "4x4"]
[Black "Patau"]
[WhiteElo "1450"]
[BlackElo "1720"]
[Result "0-1"]
1.Nb1c3 Ng8f6
2.e3 d5
3.d4 e6
4.Ng1f3 c5
5.Bf1e2 cxd4
6.Nf3xd4 Nb8c6
7.Nd4xc6 bxc6
8.Bc1d2 c5
9.Be2b5 Bc8d7
10.Bb5xd7 Qd8xd7
11.Qd1e2 c4
12.b3 cxb3
13.axb3 Bf8b4
14.O-O O-O
15.Qe2d3 Rf8c8
16.f3 Nf6e8
17.f4 Ne8d6
18.Nc3a4 Bb4xd2
19.Qd3xd2 Nd6e4
20.Qd2d3 Rc8c6
21.g4 Ra8c8
22.Rf1c1 f5
23.g5 Ne4c3
24.Kg2 Nc3xa4
25.Ra1xa4 Rc6c3
26.Qd3d2 Qd7c6
27.Ra4a2 Qc6c5
28.Kf2 a5
29.Ke2 Rc8a8
30.h4 Qc5b5
31.Kf2 Ra8c8
32.h5 Qb5b6
33.Qd2d4 Rc8c6
34.Qd4xb6 Rc6xb6
35.Ra2xa5 Rb6xb3
36.Ke2 Rc3xe3
37.Kf2 Rb3c3
38.g6 hxg6
39.hxg6 Re3f3
40.Ke2 Kf8
41.Ra5a8 Ke7
42.Ra8a7 Kf6
43.Ra7f7 Kxg6
44.Rf7f8 Rf3xf4
45.Kd2 Rc3f3
46.Rc1e1 Rf4d4
47.Kc1 Rd4e4
48.Re1xe4 fxe4
49.Rf8e8 Kf5
50.Re8e7 g5
51.Kd2 g4
52.Ke2 Ke5
53.Re7g7 g3
54.Rg7g5 Kd4
55.Kd2 e3
56.Ke2 Rf3f2
57.Kd1 g2
58.Ke1 Kc3
59.Rg5e5 g1Q
0-1

[Event "2801"]
[Site "www.echecsemail.com"]
[Date "2026.02.01"]
[Round "1"]
[White "Turbo"]
[Black "Katastrofic"]
[WhiteElo "1360"]
[BlackElo "1460"]
[Result "1-0"]
1.d4 d5
2.Ng1f3 e6
3.e3 Bf8e7
4.Bf1d3 Ng8f6
5.O-O O-O
6.c3 a6
7.b4 b5
8.Nf3e5 Nb8d7
9.Bd3c2 h6
10.Nb1d2 Nd7xe5
11.dxe5 Nf6d7
12.Nd2f3 f6
13.Bc1b2 fxe5
14.c4 dxc4
15.Bb2xe5 Nd7xe5
16.Nf3xe5 Qd8xd1
17.Ra1xd1 Be7f6
18.f4 Bf6xe5
19.fxe5 Bc8b7
20.Rf1f4 Bb7d5
21.Rf4xf8 Ra8xf8
22.e4 Bd5b7
23.Rd1d7 Rf8c8
24.Rd7e7 { abandon }1-0

[Event "Défi"]
[Site "www.echecsemail.com"]
[Date "2026.02.01"]
[Round "1"]
[White "Fredbauduret"]
[Black "Arno"]
[WhiteElo "1930"]
[BlackElo "1770"]
[Result "1-0"]
1.d4 Ng8f6
2.c4 e6
3.Nb1c3 Bf8b4
4.Qd1c2 Nb8c6
5.e3 d6
6.Bc1d2 Qd8e7
7.a3 Bb4xc3
8.Bd2xc3 e5
9.dxe5 dxe5
10.Bf1d3 O-O
11.Ng1e2 Bc8g4
12.f3 Bg4h5
13.g4 Bh5g6
14.O-O-O Bg6xd3
15.Qc2xd3 Rf8d8
16.Qd3c2 h6
17.h4 Rd8d6
18.g5 hxg5
19.hxg5 { abandon }1-0

[Event "Eq:modesty-Avalon :"]
[Site "www.echecsemail.com"]
[Date "2026.02.01"]
[Round "1"]
[White "Cobraxx10"]
[Black "Mick13"]
[WhiteElo "2150"]
[BlackElo "1790"]
[Result "1-0"]
1.e4 e5
2.d4 exd4
3.Qd1xd4 Nb8c6
4.Qd4e3 Bf8e7
5.Nb1c3 Be7g5
6.f4 Bg5e7
7.Bf1c4 d6
8.Ng1f3 h6
9.O-O b6
10.Bc1d2 Nc6b4
11.Bc4b3 Bc8e6
12.Nc3d5 Be6xd5
13.exd5 a5
14.a3 Nb4a6
15.Bd2c3 Ng8f6
16.Rf1e1 Kf8
17.Nf3d4 Qd8d7
18.Re1e2 Nf6g4
19.Qe3g3 f5
20.Ra1e1 Ra8e8
21.Nd4e6 Kf7
22.Ne6xg7 Re8g8
23.Re2xe7 Qd7xe7
24.Re1xe7 { abandon }1-0

[Event "Défi( 10J+24H/c 10J Max )"]
[Site "www.echecsemail.com"]
[Date "2026.02.01"]
[Round "1"]
[White "Kaspy"]
[Black "Mindthegap"]
[WhiteElo "1840"]
[BlackElo "1420"]
[Result "1-0"]
1.e4 e5
2.Ng1f3 Ng8f6
3.Nb1c3 Nb8c6
4.h3 Bf8b4
5.d3 h6
6.Bc1d2 Bb4xc3
7.Bd2xc3 d5
8.Nf3xe5 Nc6xe5
9.Bc3xe5 Nf6d7
10.Be5xg7 Rh8g8
11.Bg7xh6 Rg8h8
12.Bh6e3 b6
13.exd5 Bc8b7
14.c4 Qd8e7
15.Bf1e2 O-O-O
16.O-O Rh8g8
17.Be2f3 Nd7c5
18.b4 Nc5a6
19.a3 Qe7f6
20.d4 Rd8e8
21.b5 { abandon }1-0

[Event "Eq:au plaisir du jeux -Vikings :"]
[Site "www.echecsemail.com"]
[Date "2026.02.01"]
[Round "1"]
[White "Bibisept"]
[Black "Tinenfant"]
[WhiteElo "1980"]
[BlackElo "1870"]
[Result "0-1"]
1.d4 d5
2.c4 e6
3.Nb1c3 Ng8f6
4.Bc1g5 Bf8e7
5.e3 O-O
6.Ng1f3 h6
7.Bg5h4 Rf8e8
8.Qd1c2 Nb8c6
9.O-O-O Nc6b4
10.Qc2b3 a6
11.Nf3e5 a5
12.a3 Nb4c6
13.cxd5 exd5
14.Bf1b5 Bc8d7
15.Nc3xd5 Nf6xd5
16.Bh4xe7 Re8xe7
17.Qb3xd5 Nc6xe5
18.Bb5xd7 Ne5xd7
19.Qd5xb7 Nd7f6
20.Rh1f1 Ra8b8
21.Qb7a7 Rb8b5
22.Rd1d2 Nf6e4
23.Rd2c2 c5
24.Qa7a6 Qd8b8
25.Qa6c6 cxd4
26.exd4 Rb5b6
27.Qc6d5 a4
28.f3 Ne4f6
29.Qd5c5 Re7b7
30.Rf1f2 Rb6b5
31.Qc5c6 Rb7d7
32.Rc2c5 Rb5xc5
33.dxc5 Qb8f4
34.Kc2 Qf4c4
{ abandon }0-1

[Event "Coupe Niveau 3"]
[Site "www.echecsemail.com"]
[Date "2026.02.01"]
[Round "1"]
[White "Elghribi"]
[Black "Panchoa"]
[WhiteElo "1920"]
[BlackElo "1630"]
[Result "1-0"]
1.e4 e5
2.Ng1f3 Nb8c6
3.Bf1b5 Ng8f6
4.O-O Bf8c5
5.d3 O-O
6.Bb5xc6 dxc6
7.Nf3xe5 Bc5d4
8.Ne5f3 Bc8g4
9.c3 Bd4b6
10.e5 Nf6h5
11.d4 Qd8d5
12.Nb1d2 c5
13.c4 Qd5e6
14.d5 Qe6g6
15.Kh1 c6
16.h3 Bg4f5
17.Nf3h4 Qg6g5
18.Nd2f3 Qg5d8
19.Nh4xf5 cxd5
20.cxd5 c4
21.Nf3g5 g6
22.Nf5h6 Kg7
23.Nh6g4 f6
24.Ng5e6 { abandon }1-0

[Event "Memorial Lara CIII"]
[Site "www.echecsemail.com"]
[Date "2026.02.01"]
[Round "1"]
[White "Rvsinovitch"]
[Black "Emmanuel"]
[WhiteElo "2030"]
[BlackElo "1940"]
[Result "0-1"]
1.e4 d5
2.exd5 Ng8f6
3.d4 Bc8g4
4.Bf1e2 Bg4xe2
5.Ng1xe2 Qd8xd5
6.O-O Nb8c6
7.Nb1c3 Qd5h5
8.Bc1f4 O-O-O
9.h3 e5
10.Bf4e3 Bf8d6
11.d5 Nc6e7
12.Be3xa7 e4
13.Ne2g3 Qh5g6
14.Rf1e1 Bd6xg3
15.fxg3 Qg6xg3
16.Nc3xe4 Nf6xe4
17.Re1xe4 Ne7xd5
18.Qd1g4 Qg3xg4
19.Re4xg4 b6
20.Rg4xg7 Kb7
21.Ba7xb6 Kxb6
22.Rg7xf7 Rd8a8
23.c4 Nd5b4
24.a3 Nb4d3
25.b4 Nd3e5
26.Rf7f4 Ra8d8
27.Rf4f6 Kb7
28.c5 c6
29.Ra1e1 Ne5g6
30.Re1e6 Rd8c8
31.a4 Rh8f8
32.Rf6xf8 Rc8xf8
33.b5 cxb5
34.Re6b6 Kc7
35.axb5 Ng6e5
36.Rb6a6 Kb7
37.c6 Kb8
38.Ra6b6 Kc8
39.Rb6a6 Kb8
40.Ra6b6 Kc8
41.Rb6b7 h6
42.Rb7e7 Ne5c4
43.Re7h7 Rf8f6
44.Rh7h8 Kc7
45.Rh8h7 Kc8
46.h4 Nc4e5
47.Kh2 Ne5f7
48.Kh3 Kc7
49.Rh7g7 Kb6
50.Rg7g8 Nf7d6
51.Rg8b8 Kc7
52.Rb8a8 Nd6xb5
53.Ra8a6 Nb5d6
54.h5 Nd6c4
55.g3 Nc4b6
56.g4 Rf6xc6
57.Kh4 Kb7
58.Ra6a5 Nb6d7
59.Ra5a4 Nd7e5
60.g5 Ne5f3
61.Kg4 Nf3xg5
62.Ra4b4 Kc7
63.Rb4f4 Kd7
64.Rf4d4 Ke7
65.Rd4a4 Kf6
66.Ra4f4 Kg7
67.Rf4d4 Rc6e6
68.Rd4d7 Kf6
69.Rd7d8 Re6e4
70.Kg3 Re4a4
71.Rd8d6 Ng5e6
72.Rd6d1 Ra4e4
73.Rd1f1 Kg5
74.Rf1h1 Re4g4
75.Kf3 Ne6g7
76.Rh1h2 Ng7xh5
77.Rh2a2 Nh5f6
78.Ra2a5 Kh4
79.Ra5a6 Rg4g6
80.Ra6a4 Kh3
81.Ra4a1 Rg6g3
82.Kf4 Nf6g4
83.Ra1a5 Kh4
84.Ra5a1 Ng4f2
85.Ra1a6 h5
86.Ra6h6 Nf2h3
87.Kf5 Rg3g5
88.Ke4 Kg3
89.Rh6a6 Nh3f2
90.Ke3 h4
91.Ra6a1 Kg2
92.Kf4 Rg5g3
93.Ra1b1 h3
94.Rb1g1 Kxg1
95.Kxg3 h2
96.Kf4 h1Q
97.Kf5 Qh1e4
98.Kg5 Qe4e5
99.Kg6 Nf2e4
100.Kf7 Ne4g5
101.Kf8 Qe5c7
{ abandon }0-1

[Event "2601"]
[Site "www.echecsemail.com"]
[Date "2026.02.01"]
[Round "1"]
[White "Turbo"]
[Black "Katastrofic"]
[WhiteElo "1360"]
[BlackElo "1410"]
[Result "0-1"]
1.e4 e5
2.Ng1f3 d6
3.d4 Nb8c6
4.d5 Nc6b8
5.Bf1c4 Bf8e7
6.O-O a6
7.b4 b5
8.Bc4b3 Ng8f6
9.c4 Nf6xe4
10.Bb3c2 Ne4f6
11.Bc2b3 bxc4
12.Bb3xc4 Bc8b7
13.a3 Nb8d7
14.Nb1c3 Nd7b6
15.Bc4a2 O-O
16.Ba2b1 Nb6xd5
17.Qd1d3 Nd5xc3
18.Qd3xc3 Nf6d5
19.Qc3c2 Nd5f6
20.Bc1g5 g6
21.Bg5h6 Rf8e8
22.h4 Be7f8
23.Bh6xf8 Kxf8
24.Qc2d3 e4
25.Qd3c4 exf3
26.gxf3 Bb7xf3
27.Bb1a2 Bf3d5
28.Qc4c1 Bd5xa2
29.Ra1xa2 Nf6g4
30.Qc1b2 Qd8xh4
31.Qb2h8 Ke7
32.Rf1e1 Kd7
33.Qh8a1 Qh4h2
34.Kf1 Re8xe1
35.Kxe1 Ra8e8
36.Kd2 Qh2xf2
37.Kd3 Re8e3
38.Kc4 Qf2f4
39.Qa1d4 Ng4e5
40.Kd5 Qf4f3
{ abandon }0-1

[Event "2601"]
[Site "www.echecsemail.com"]
[Date "2026.02.01"]
[Round "1"]
[White "Qsdmlk"]
[Black "Turbo"]
[WhiteElo "1510"]
[BlackElo "1360"]
[Result "1-0"]
1.d4 d5
2.Ng1f3 Ng8f6
3.Bc1g5 Nb8d7
4.e3 h6
5.Bg5h4 g5
6.Bh4g3 e6
7.Bf1b5 c6
8.Bb5a4 b5
9.Ba4b3 a5
10.c3 Nf6h5
11.Nf3e5 Qd8f6
12.Qd1xh5 Rh8h7
13.Bb3c2 Rh7g7
14.Ne5xd7 Bc8xd7
15.Bg3e5 Qf6d8
16.Be5xg7 Bf8xg7
17.O-O Qd8c7
18.Nb1d2 O-O-O
19.Qh5xf7 Bg7h8
20.Qf7h7 Bh8f6
21.Qh7xh6 Rd8h8
22.Qh6xh8 Bf6xh8
23.a3 Qc7xh2
24.Kxh2 e5
25.b4 exd4
26.exd4 a4
27.Ra1e1 { abandon }1-0

[Event "Coupe Niveau 10"]
[Site "www.echecsemail.com"]
[Date "2026.02.01"]
[Round "1"]
[White "Fred"]
[Black "Letyjo"]
[WhiteElo "2740"]
[BlackElo "2760"]
[Result "1/2-1/2"]
1.d4 Ng8f6
2.Ng1f3 c5
3.e3 d5
4.Nb1d2 cxd4
5.exd4 Qd8c7
6.c3 Nb8c6
7.Qd1c2 Bc8d7
8.Nd2b3 e6
9.Bf1d3 a5
10.a4 Bf8d6
11.O-O O-O
12.Bc1g5 Ra8c8
13.Rf1c1 Rf8e8
14.Nb3d2 Kh8
15.g3 Nf6g4
16.Bd3xh7 e5
17.dxe5 Nc6xe5
18.Bh7f5 f6
19.Nf3xe5 Bd6xe5
20.Bf5xd7 Qc7xd7
21.Bg5e3 Ng4xe3
22.fxe3 Be5c7
23.Rc1e1 Bc7b6
24.Qc2d3 Re8e7
25.Nd2b3 Re7e4
26.Nb3d2 Re4e5
27.Nd2f3 Re5e4
28.Nf3d2 Re4e5
{ nul }1/2-1/2

[Event "Défi( 10J+24H/c 10J Max )"]
[Site "www.echecsemail.com"]
[Date "2026.02.01"]
[Round "1"]
[White "Tunnellavage"]
[Black "Snarf"]
[WhiteElo "1800"]
[BlackElo "1730"]
[Result "1-0"]
1.e4 e5
2.Ng1f3 Nb8c6
3.Bf1c4 h6
4.Nb1c3 a6
5.a3 Bf8c5
6.d3 Ng8f6
7.h3 d6
8.O-O Nc6d4
9.Bc1e3 Nd4e6
10.Qd1e1 b6
11.Nc3e2 O-O
12.c3 Bc8b7
13.Ne2g3 b5
14.Bc4a2 Qd8e7
15.Ng3f5 Qe7d7
16.g4 Nf6h7
17.h4 Ne6f4
18.Qe1d2 Bc5xe3
19.fxe3 Nf4e6
20.Qd2g2 Ne6c5
21.Ra1d1 Kh8
22.g5 h5
23.g6 Nh7f6
24.gxf7 Nf6g4
25.Nf3h2 g6
26.Nh2xg4 hxg4
27.Nf5h6 Bb7c8
28.Nh6g8 Qd7d8
29.Qg2g3 c6
30.Ng8f6 Ra8a7
31.Nf6xg4 Bc8e6
32.Ba2xe6 Nc5xe6
33.Ng4xe5 dxe5
34.Qg3xe5 Ne6g7
35.h5 Ra7xf7
36.Rf1xf7 Rf8xf7
37.hxg6 Rf7f6
38.Qe5h2 Kg8
39.Qh2h7 Kf8
40.Qh7h8 Ke7
41.Qh8xg7 Kd6
42.d4 Rf6e6
43.e5 Kd5
44.e4 Kc4
45.Qg7f7 Qd8g5
46.Kf1 Qg5xg6
47.Qf7f3 Re6e7
48.Qf3e2 Kb3
49.Rd1d3 Re7f7
50.Rd3f3 Rf7xf3
51.Qe2xf3 Kxb2
52.Qf3f6 Qg6e8
53.e6 Kxc3
54.Qf6f7 Qe8h8
55.e7 Qh8h1
56.Kf2 Qh1h2
57.Kf3 Qh2h3
58.Ke2 Qh3d3
59.Kf2 Qd3xd4
60.Kf3 Qd4d3
61.Kg4 Qd3xe4
62.Kg5 Qe4e5
63.Kg6 Qe5g3
64.Kh7 Qg3h3
65.Kg8 Qh3g3
66.Kf8 Qg3d6
67.Kg8 Qd6g3
68.Qf7g7 Qg3xg7
69.Kxg7 c5
70.e8Q c4
71.Qe8a8 Kb2
72.Qa8xa6 c3
73.Qa6xb5 Kc1
74.Qb5f1 Kb2
75.a4 c2
76.a5 c1Q
77.Qf1xc1 Kxc1
78.a6 { abandon }1-0

[Event "Tetraktus 103"]
[Site "www.echecsemail.com"]
[Date "2026.02.01"]
[Round "1"]
[White "Intrigue"]
[Black "Skalfa"]
[WhiteElo "1760"]
[BlackElo "1820"]
[Result "1/2-1/2"]
1.d4 d5
2.c4 c6
3.cxd5 cxd5
4.Nb1c3 Ng8f6
5.Bc1f4 Bc8f5
6.Ng1f3 e6
7.e3 a6
8.Bf1d3 Bf5g4
9.O-O Nb8c6
10.h3 Bg4h5
11.Bd3e2 Bf8d6
12.Bf4xd6 Qd8xd6
13.Ra1c1 Bh5g6
14.a3 O-O
15.b4 Nc6e7
16.Nf3e5 Bg6f5
17.Be2d3 Rf8c8
18.Bd3xf5 Ne7xf5
19.Nc3a4 b5
20.Na4c5 Rc8c7
21.Qd1d3 Ra8c8
22.Rf1d1 h5
23.g4 hxg4
24.hxg4 Nf5h4
25.Qd3e2 g5
26.f3 Kg7
27.Rc1c2 Rc8h8
28.Rd1c1 Rc7c8
29.a4 bxa4
30.Nc5xa4 Rc8xc2
31.Rc1xc2 Qd6xb4
32.Na4c5 a5
33.Rc2b2 Qb4c3
34.Qe2d2 Qc3xd2
35.Rb2xd2 Rh8a8
36.Rd2a2 Nf6e8
37.Kf2 Ne8c7
38.Ne5c6 Nc7b5
39.Ra2xa5 Ra8xa5
40.Nc6xa5 Nb5c3
41.Na5b3 Nc3d1
42.Ke2 Nd1c3
43.Kf2 Kf6
44.Nb3d2 Nc3d1
45.Ke2 Nd1b2
46.e4 Nb2c4
47.Nd2xc4 dxc4
48.e5 Ke7
49.Nc5e4 Nh4g2
50.Ne4xg5 Ng2f4
51.Kd2 f6
52.exf6 Kxf6
53.Ng5e4 Ke7
54.Kc3 Nf4h3
55.Kxc4 Nh3g1
56.f4 Ng1f3
57.g5 Nf3h4
58.Ne4g3 Kf7
59.Kc5 Ke7
60.Kc6 Nh4f3
61.Ng3e2 Nf3h2
62.d5 exd5
63.Kxd5 Kf7
64.Ke5 Kg6
65.Ne2g3 Nh2f3
66.Ke4 Nf3xg5
67.fxg5 Kxg5
1/2-1/2

[Event "Amical( 10J+24H/c 10J Max )"]
[Site "www.echecsemail.com"]
[Date "2026.02.01"]
[Round "1"]
[White "Patau"]
[Black "Woluwe1975"]
[WhiteElo "1700"]
[BlackElo "1640"]
[Result "1-0"]
1.e4 e5
2.Ng1f3 Ng8f6
3.Nb1c3 Nb8c6
4.d4 d5
5.dxe5 Nf6xe4
6.Qd1xd5 Ne4xc3
7.Qd5xd8 Nc6xd8
8.bxc3 Bf8e7
9.Bf1c4 O-O
10.O-O h6
11.Bc1f4 Bc8e6
12.Bc4d3 g5
13.Bf4e3 Nd8c6
14.Be3d4 Ra8d8
15.Rf1d1 Nc6xd4
16.Nf3xd4 c6
17.Nd4xe6 fxe6
18.Bd3c4 Kf7
19.Rd1d3 b5
20.Bc4b3 a5
21.a4 Kg7
22.axb5 cxb5
23.Bb3xe6 a4
24.Be6d7 Be7c5
25.e6 Rf8xf2
26.Kh1 Rf2xc2
27.Ra1d1 Bc5e7
28.g4 Kg6
29.Rd1d2 Rc2c1
30.Kg2 Rc1b1
31.Rd3d5 a3
32.Rd2a2 Rb1b2
33.Ra2xb2 axb2
34.Rd5xb5 Be7a3
35.c4 b1Q
36.Rb5xb1 Kf6
37.Rb1f1 Kg6
38.Rf1f3 Ba3e7
39.Rf3f7 Be7f8
40.Rf7f3 Bf8e7
41.Rf3c3 Be7c5
42.Kf3 h5
43.gxh5 Kxh5
44.Ke4 Kh4
45.Kd5 Bc5e7
46.c5 { abandon }1-0

[Event "Défi"]
[Site "www.echecsemail.com"]
[Date "2026.02.01"]
[Round "1"]
[White "Tahar"]
[Black "Regor"]
[WhiteElo "1980"]
[BlackElo "1980"]
[Result "1/2-1/2"]
1.e4 e5
2.Ng1f3 Nb8c6
3.Bf1c4 h6
4.Nb1c3 Ng8f6
5.a4 Bf8c5
6.h3 O-O
7.O-O d6
8.d3 a6
9.Nc3e2 d5
10.exd5 Nf6xd5
11.Rf1e1 Qd8f6
12.Bc4xd5 Nc6e7
13.Bd5e4 c6
14.Ne2g3 Qf6d6
15.Nf3h2 f5
16.Be4f3 e4
17.dxe4 Qd6xg3
18.Bc1e3 Bc5xe3
19.Re1xe3 Qg3c7
20.exf5 Ne7xf5
21.Re3e1 Qc7f7
22.Bf3e2 Nf5h4
23.Re1f1 Bc8e6
24.Ra1a3 Be6d5
25.Be2f3 Nh4xf3
26.Nh2xf3 Ra8e8
27.Nf3h2 Re8e6
28.Ra3g3 Re6g6
29.Nh2g4 Rf8e8
30.Rf1e1 Rg6e6
31.Re1xe6 Re8xe6
32.Qd1d2 Kh7
33.Ng4e3 Bd5e4
34.b4 h5
35.c4 Re6g6
36.Rg3xg6 Be4xg6
37.Qd2d4 Qf7e7
38.Qd4c3 Bg6e4
39.f3 Be4g6
40.f4 Qe7e4
41.g3 h4
42.Kf2 hxg3
43.Kxg3 Bg6h5
44.Ne3g4 Qe4g6
45.b5 axb5
46.axb5 Qg6e4
47.bxc6 Qe4xc6
48.Ng4e5 Qc6c7
49.Qc3d3 Kh8
50.Qd3f5 Bh5e2
51.c5 Kg8
52.Qf5e6 Kh7
53.h4 Be2h5
54.Qe6f5 g6
55.Qf5f7 Qc7xf7
56.Ne5xf7 Bh5e2
57.Nf7d6 Be2a6
58.Kg4 Kh6
59.f5 gxf5
60.Nd6xf5 Kg6
61.Nf5d6 Kh6
62.h5 Ba6e2
63.Kf4 Kxh5
64.Nd6xb7 Be2b5
65.Ke5 Kg6
66.Kd5 Bb5e8
67.Nb7d6 Be8a4
68.Kc4 Ba4c6
69.Nd6b5 Kf6
70.Nb5d6 Ke7
71.Nd6c8 Kd8
72.Nc8a7 Bc6e8
73.c6 Be8xc6
74.Na7xc6 1/2-1/2

[Event "Eq:fouschess-Les Rois du Succes :"]
[Site "www.echecsemail.com"]
[Date "2026.02.01"]
[Round "1"]
[White "Luc20"]
[Black "Claudus"]
[WhiteElo "1870"]
[BlackElo "1520"]
[Result "1-0"]
1.b4 a5
2.b5 b6
3.Bc1b2 Ng8f6
4.d3 d5
5.Nb1d2 Bc8d7
6.a4 e5
7.Bb2xe5 Nf6g4
8.Be5g3 Bf8b4
9.Ng1f3 O-O
10.e3 Rf8e8
11.Bf1e2 c6
12.d4 cxb5
13.Be2xb5 f6
14.O-O Bd7xb5
15.Rf1e1 Bb4c3
16.axb5 Bc3xa1
17.Qd1xa1 Qd8d7
18.Qa1b2 a4
19.Re1a1 a3
20.Ra1xa3 Re8c8
21.Ra3xa8 Qd7d8
22.h3 Ng4h6
23.Nf3h4 Nb8d7
24.Ra8xc8 Qd8xc8
25.Qb2b3 Qc8a8
26.c4 g5
27.Nh4f3 Kg7
28.cxd5 g4
29.Nf3h4 gxh3
30.gxh3 Qa8a1
31.Kg2 Qa1c1
32.Nd2e4 f5
33.Ne4g5 Nd7f6
34.Bg3e5 Kf8
35.Be5xf6 f4
36.Ng5e6 Kf7
37.Bf6g5 Ke8
38.Bg5xh6 fxe3
39.Qb3xe3 Qc1c2
40.Nh4f3 Qc2g6
41.Bh6g5 Qg6f5
42.Ne6g7 Kd7
43.Ng7xf5 h6
44.Qe3e6 Kc7
45.Qe6c6 Kb8
46.Qc6xb6 Ka8
47.Bg5f4 { abandon }1-0

[Event "Défi"]
[Site "www.echecsemail.com"]
[Date "2026.02.01"]
[Round "1"]
[White "Chobi"]
[Black "Chomi64"]
[WhiteElo "1790"]
[BlackElo "1850"]
[Result "0-1"]
1.d4 e5
2.dxe5 Nb8c6
3.Ng1f3 Qd8e7
4.a3 Nc6xe5
5.Nf3xe5 Qe7xe5
6.Nb1c3 Ng8f6
7.g3 d5
8.Bc1f4 Qe5e6
9.Bf1g2 c6
10.O-O Bf8e7
11.Ra1b1 O-O
12.Rf1e1 Nf6h5
13.e3 Nh5xf4
14.exf4 Qe6d6
15.Qd1f3 Bc8f5
16.Rb1c1 Be7f6
17.b4 Rf8e8
18.Re1d1 a5
19.Nc3e2 axb4
20.axb4 Qd6xb4
21.h3 Bf5e4
22.Qf3b3 Qb4xb3
23.cxb3 Be4xg2
24.Kxg2 Ra8a2
25.Ne2c3 Ra2b2
26.Nc3a4 Rb2xb3
27.Na4c5 Rb3b5
28.Nc5d7 Bf6d8
29.Rd1e1 Re8e6
30.Kf1 Bd8a5
31.Re1xe6 fxe6
32.Ke2 Rb5b2
33.Ke3 Ba5d2
{ abandon }0-1

[Event "Eq:Avalon-LES CHATTERBOX :"]
[Site "www.echecsemail.com"]
[Date "2026.02.01"]
[Round "1"]
[White "Sierra117"]
[Black "Onetwoyve"]
[WhiteElo "1690"]
[BlackElo "1920"]
[Result "0-1"]
1.e4 e5
2.Ng1f3 Ng8f6
3.Nb1c3 Nb8c6
4.Bf1b5 d6
5.h3 a6
6.Bb5xc6 bxc6
7.d3 Bf8e7
8.Bc1e3 Bc8b7
9.O-O O-O
10.d4 exd4
11.Be3xd4 c5
12.Bd4e3 Nf6xe4
13.Nc3xe4 Bb7xe4
14.c4 Be7f6
15.Qd1e2 Ra8b8
16.b3 Bf6xa1
{ abandon }0-1

[Event "Tournoi n27342"]
[Site "www.echecsemail.com"]
[Date "2026.02.01"]
[Round "1"]
[White "Patbe"]
[Black "Aramis"]
[WhiteElo "1570"]
[BlackElo "1550"]
[Result "1-0"]
1.e4 e5
2.d4 Nb8c6
3.d5 Nc6b8
4.Nb1c3 Bf8b4
5.Bc1d2 a6
6.Nc3e2 Bb4e7
7.Ng1f3 d6
8.Ne2c3 Ng8f6
9.Bf1e2 h6
10.O-O O-O
11.Bd2e3 Bc8g4
12.Nf3d2 Bg4xe2
13.Qd1xe2 Nb8d7
14.b4 b5
15.Nd2b3 Qd8c8
16.Nb3a5 Nd7b6
17.Na5c6 Be7d8
18.a3 Nb6c4
19.Ra1a2 Nc4b6
20.Be3xb6 cxb6
21.Nc6xd8 Rf8xd8
22.Qe2e3 Qc8c7
23.f4 Ra8c8
24.Nc3e2 Rc8b8
25.fxe5 dxe5
26.Ne2g3 Nf6g4
27.Qe3b3 Qc7d6
28.Ng3f5 Qd6f8
29.h3 Ng4f6
30.Qb3g3 Nf6xe4
31.Qg3xe5 Rd8e8
32.Qe5d4 f6
33.Rf1d1 Ne4d6
34.Nf5h4 Re8e4
35.Qd4f2 Qf8f7
36.Qf2g3 Rb8d8
37.Qg3f2 a5
38.Qf2xb6 Re4e8
39.bxa5 g5
40.Nh4f3 Rd8d7
41.a6 Kg7
42.Ra2a1 Nd6c8
43.Qb6xb5 Nc8a7
44.Qb5a5 Re8c8
45.c3 Rc8d8
46.Rd1d4 Rd8e8
47.Ra1e1 Re8c8
48.Re1f1 Qf7e7
49.Rf1e1 Qe7d6
50.Re1e6 Qd6f8
51.c4 Rd7c7
52.Nf3d2 Rc7f7
53.Nd2e4 Rc8c7
54.Ne4d6 Rf7e7
55.Nd6f5 Kg6
56.Re6xe7 Rc7xe7
57.Nf5xe7 Qf8xe7
58.Qa5b6 Na7c8
59.Qb6e6 Qe7c5
60.Qe6g8 Kh5
61.Qg8f7 1-0

[Event "Eq:les modestes-Mission Impossible :"]
[Site "www.echecsemail.com"]
[Date "2026.02.01"]
[Round "1"]
[White "Alizarine"]
[Black "Fred"]
[WhiteElo "2520"]
[BlackElo "2780"]
[Result "0-1"]
1.e4 c5
2.Ng1f3 d6
3.Bf1b5 Nb8d7
4.O-O a6
5.Bb5xd7 Bc8xd7
6.d4 cxd4
7.Qd1xd4 Ng8f6
8.Bc1g5 e6
9.c4 Bf8e7
10.Nb1c3 Bd7c6
11.Rf1e1 h6
12.Bg5d2 O-O
13.Ra1d1 b5
14.cxb5 Bc6xb5
15.Nc3xb5 axb5
16.a3 d5
17.exd5 Nf6xd5
18.Qd4g4 Ra8a4
19.b4 Be7f6
20.Bd2xh6 Ra4xa3
21.Bh6d2 Qd8e7
22.Rd1c1 Rf8a8
23.Rc1c5 Qe7d7
24.Rc5c1 Bf6e7
25.Nf3e5 Qd7b7
26.Ne5xf7 Kxf7
27.Qg4xe6 Kf8
28.Re1e5 Nd5f6
29.Rc1e1 Ra8e8
30.Re5f5 Qb7c8
31.Qe6xc8 Re8xc8
32.Rf5xb5 Ra3d3
33.Bd2e3 Rc8c2
34.Rb5b8 Kf7
35.h3 Nf6d5
36.Be3c5 Be7f6
37.Rb8b7 Kg6
38.g3 Nd5c3
39.h4 Nc3a4
40.Bc5e3 Na4b2
41.b5 Nb2d1
42.Be3b6 Rc2b2
43.Rb7c7 Rb2xb5
44.Rc7c1 Nd1c3
45.Bb6e3 Nc3d5
46.Be3a7 Rb5b7
47.Ba7c5 Rb7c7
48.Bc5e3 Bf6c3
49.Re1d1 Rd3xd1
50.Rc1xd1 Nd5xe3
51.fxe3 Kf5
52.Rd1c1 Kg4
53.Kf2 Bc3e5
54.Rc1xc7 Be5xg3
{ abandon }0-1

[Event "Tournoi n27347"]
[Site "www.echecsemail.com"]
[Date "2026.02.01"]
[Round "1"]
[White "Jazzzz"]
[Black "Rvsinovitch"]
[WhiteElo "1980"]
[BlackElo "2020"]
[Result "0-1"]
1.e4 c6
2.Ng1f3 d5
3.e5 Bc8f5
4.d4 e6
5.Bc1g5 Bf8e7
6.Bg5xe7 Qd8xe7
7.c4 h6
8.cxd5 cxd5
9.Qd1a4 Qe7d7
10.Bf1b5 Nb8c6
11.Nb1d2 Ng8e7
12.Nd2b3 a6
13.Nb3c5 Qd7c7
14.Ra1c1 O-O
15.Bb5e2 Rf8c8
16.O-O b5
17.Qa4d1 Qc7a7
18.Nf3h4 Bf5h7
19.Be2d3 Bh7xd3
20.Qd1xd3 Nc6d8
21.f4 Nd8b7
22.Nc5d7 Nb7a5
23.Nd7f6 Kf8
24.Qd3h7 Qa7xd4
25.Kh1 gxf6
26.Qh7xh6 Ke8
27.Qh6xf6 Na5c4
28.Nh4f3 Qd4a7
29.Nf3g5 Ne7f5
30.b3 Nc4e3
31.Rc1xc8 Ra8xc8
32.Qf6h8 Kd7
33.Qh8f6 Rc8e8
34.Rf1c1 Ne3g4
35.Qf6xf7 Re8e7
36.Qf7g8 Ng4f2
37.Kg1 Nf2h3
38.Kh1 Qa7g1
39.Rc1xg1 Nh3f2
0-1

[Event "Eq:les modestes-modesty :"]
[Site "www.echecsemail.com"]
[Date "2026.02.01"]
[Round "1"]
[White "Nick"]
[Black "Raoni"]
[WhiteElo "2800"]
[BlackElo "2740"]
[Result "1/2-1/2"]
1.Ng1f3 d5
2.g3 g6
3.Bf1g2 Bf8g7
4.O-O e5
5.d3 Nb8c6
6.c4 dxc4
7.dxc4 e4
8.Nf3g5 f5
9.Nb1c3 h6
10.Ng5h3 Ng8e7
11.Qd1xd8 Nc6xd8
12.Nh3f4 g5
13.Nf4d5 Ne7xd5
14.cxd5 Nd8f7
15.Nc3b5 Kd8
16.Rf1d1 a5
17.f3 exf3
18.exf3 a4
19.d6 cxd6
20.f4 Rh8e8
21.Bg2d5 Bc8e6
22.Bd5xb7 Ra8b8
23.Bb7c6 Be6d7
24.Nb5xd6 Bd7xc6
25.Nd6xf5 Kc7
26.Nf5xg7 Re8e2
27.b3 axb3
28.axb3 Rb8xb3
29.fxg5 Nf7xg5
30.Bc1f4 Kb7
31.Bf4xg5 Re2g2
32.Kf1 Rg2xh2
{ nul }1/2-1/2

[Event "Transval 2"]
[Site "www.echecsemail.com"]
[Date "2026.02.01"]
[Round "1"]
[White "Janolapin"]
[Black "Titit1"]
[WhiteElo "1690"]
[BlackElo "1450"]
[Result "1-0"]
1.d4 d5
2.Ng1f3 Nb8c6
3.e3 Ng8f6
4.c4 Bc8f5
5.Bf1d3 Bf5e6
6.O-O Qd8d7
7.h3 O-O-O
8.cxd5 Be6xd5
9.Nb1c3 Rd8e8
10.Nc3xd5 Qd7xd5
11.a3 e5
12.dxe5 Nf6d7
13.Bd3f5 Qd5b5
14.Qd1xd7 Kb8
15.Qd7xe8 Nc6d8
16.Qe8xd8 1-0